A Text Book Of Physical Chemistry Vol. III (Record no. 3836)

MARC details
000 -LEADER
fixed length control field 00418nam a2200169Ia 4500
008 - FIXED-LENGTH DATA ELEMENTS--GENERAL INFORMATION
fixed length control field 221030s9999 xx 000 0 und d
020 ## - INTERNATIONAL STANDARD BOOK NUMBER
ISBN 033393685x
041 ## - LANGUAGE CODE
Language code of text/sound track or separate title
082 ## - DEWEY DECIMAL CLASSIFICATION NUMBER
Classification number 105.23
Item number Kap
100 ## - MAIN ENTRY--AUTHOR NAME
Personal name K. L. Kapoor
245 #2 - TITLE STATEMENT
Title A Text Book Of Physical Chemistry Vol. III
Statement of responsibility, etc by K. L. Kapoor
250 ## - EDITION STATEMENT
Edition statement 2nd
260 ## - PUBLICATION, DISTRIBUTION, ETC. (IMPRINT)
Name of publisher Macmillan
Place of publication New Delhi
Year of publication 2005
300 ## - PHYSICAL DESCRIPTION
Number of Pages 570
650 ## - SUBJECT ADDED ENTRY--TOPICAL TERM
Topical Term Chemistry
942 ## - ADDED ENTRY ELEMENTS (KOHA)
Koha item type Books
Holdings
Accession Number Cost, normal purchase price Serial Enumeration / chronology Full call number Price effective from Koha item type Withdrawn / writtenoff status Materials specified (bound volume or other part) Damaged status Not for loan Permanent Location Current Location Shelving location Date acquired Lost/ Missing status department
BE 8066 275.00 3 105.23 Kap 10/30/2022 Books   Print   Not For Loan MIET Library, Jammu MIET Library, Jammu BL-Second, FL-1, CUP-59, SH-3, R-3 10/09/2006   BE
BE 8067 275.00   105.23 Kap 10/30/2022 Books   Print     MIET Library, Jammu MIET Library, Jammu BL-Academic Block - C, FL-2, CUP-18, SH-1, R-1 10/09/2006   BE
BE 8068 275.00   105.23 Kap 10/30/2022 Books   Print     MIET Library, Jammu MIET Library, Jammu BL-Academic Block - C, FL-2, CUP-18, SH-1, R-1 10/09/2006   BE
BE 8069 275.00   105.23 Kap 10/30/2022 Books   Print     MIET Library, Jammu MIET Library, Jammu BL-Academic Block - C, FL-2, CUP-18, SH-1, R-1 10/09/2006   BE
BE 8070 275.00   105.23 Kap 10/30/2022 Books   Print     MIET Library, Jammu MIET Library, Jammu BL-Academic Block - C, FL-2, CUP-18, SH-1, R-1 10/09/2006   BE